<?xml version="1.0" encoding="UTF-8"?>
<record
    xmlns:xsi="http://www.w3.org/2001/XMLSchema-instance"
    xsi:schemaLocation="http://www.loc.gov/MARC21/slim http://www.loc.gov/standards/marcxml/schema/MARC21slim.xsd"
    xmlns="http://www.loc.gov/MARC21/slim">

  <leader>02039nam0a2200385   4500</leader>
  <controlfield tag="001">RU\NLR\bibl\893971</controlfield>
  <controlfield tag="005">20250614173609.0</controlfield>
  <datafield tag="021" ind1=" " ind2=" ">
    <subfield code="a">RU</subfield>
    <subfield code="b">2005-65904</subfield>
    <subfield code="9">3243</subfield>
  </datafield>
  <datafield tag="035" ind1=" " ind2=" ">
    <subfield code="a">(nilc)RSL-KNO-002754876</subfield>
  </datafield>
  <datafield tag="035" ind1=" " ind2=" ">
    <subfield code="a">(NLR Aleph) 000882453</subfield>
  </datafield>
  <datafield tag="090" ind1=" " ind2=" ">
    <subfield code="a">1667509</subfield>
    <subfield code="c">1667509</subfield>
  </datafield>
  <datafield tag="100" ind1=" " ind2=" ">
    <subfield code="a">20051013d2005    |||y0rusy50      ca</subfield>
  </datafield>
  <datafield tag="101" ind1="0" ind2=" ">
    <subfield code="a">rus</subfield>
  </datafield>
  <datafield tag="102" ind1=" " ind2=" ">
    <subfield code="a">RU</subfield>
  </datafield>
  <datafield tag="105" ind1=" " ind2=" ">
    <subfield code="a">y   |||||||||</subfield>
  </datafield>
  <datafield tag="106" ind1=" " ind2=" ">
    <subfield code="a">r</subfield>
  </datafield>
  <datafield tag="200" ind1="1" ind2=" ">
    <subfield code="a">&#x41B;&#x435;&#x441;&#x430; &#x41A;&#x430;&#x43C;&#x447;&#x430;&#x442;&#x43A;&#x438;: &#x43F;&#x440;&#x43E;&#x448;&#x43B;&#x43E;&#x435; &#x438; &#x431;&#x443;&#x434;&#x443;&#x449;&#x435;&#x435;</subfield>
    <subfield code="e">(&#x444;&#x430;&#x43A;&#x442;&#x44B;, &#x440;&#x430;&#x437;&#x43C;&#x44B;&#x448;&#x43B;&#x435;&#x43D;&#x438;&#x44F;, &#x43F;&#x438;&#x441;&#x44C;&#x43C;&#x430; &#x443;&#x447;&#x435;&#x43D;&#x44B;&#x445;)</subfield>
    <subfield code="f">&#x412;. &#x410;. &#x428;&#x430;&#x43C;&#x448;&#x438;&#x43D;</subfield>
  </datafield>
  <datafield tag="210" ind1=" " ind2=" ">
    <subfield code="a">&#x41C;.</subfield>
    <subfield code="c">[&#x431;. &#x438;.]</subfield>
    <subfield code="d">2005</subfield>
  </datafield>
  <datafield tag="215" ind1=" " ind2=" ">
    <subfield code="a">216 &#x441;.</subfield>
    <subfield code="c">&#x438;&#x43B;., &#x43F;&#x43E;&#x440;&#x442;&#x440;., &#x442;&#x430;&#x431;&#x43B;.</subfield>
    <subfield code="d">23</subfield>
  </datafield>
  <datafield tag="606" ind1="1" ind2=" ">
    <subfield code="a">&#x41B;&#x435;&#x441;&#x430;</subfield>
    <subfield code="y">&#x41A;&#x430;&#x43C;&#x447;&#x430;&#x442;&#x43A;&#x430;, &#x43F;&#x43E;&#x43B;&#x443;&#x43E;&#x441;&#x442;&#x440;&#x43E;&#x432; (&#x421;&#x435;&#x432;&#x435;&#x440;&#x43E;-&#x412;&#x43E;&#x441;&#x442;&#x43E;&#x43A; &#x410;&#x437;&#x438;&#x430;&#x442;&#x441;&#x43A;&#x43E;&#x439; &#x447;&#x430;&#x441;&#x442;&#x438; &#x420;&#x424;)</subfield>
    <subfield code="9">1257143</subfield>
    <subfield code="3">RU\NLR\auth\66515588</subfield>
  </datafield>
  <datafield tag="610" ind1="0" ind2=" ">
    <subfield code="a">&#x411;&#x438;&#x43E;&#x43B;&#x43E;&#x433;&#x438;&#x447;&#x435;&#x441;&#x43A;&#x438;&#x435; &#x43D;&#x430;&#x443;&#x43A;&#x438; -- &#x41E;&#x431;&#x449;&#x430;&#x44F; &#x44D;&#x43A;&#x43E;&#x43B;&#x43E;&#x433;&#x438;&#x44F; - &#x411;&#x438;&#x43E;&#x446;&#x435;&#x43D;&#x43E;&#x43B;&#x43E;&#x433;&#x438;&#x44F; -- &#x422;&#x438;&#x43F;&#x44B; &#x431;&#x438;&#x43E;&#x446;&#x435;&#x43D;&#x43E;&#x437;&#x43E;&#x432; -- &#x411;&#x438;&#x43E;&#x446;&#x435;&#x43D;&#x43E;&#x437;&#x44B; &#x443;&#x43C;&#x435;&#x440;&#x435;&#x43D;&#x43D;&#x43E;&#x433;&#x43E; &#x43F;&#x43E;&#x44F;&#x441;&#x430; -- &#x41B;&#x435;&#x441;&#x43D;&#x44B;&#x435; &#x431;&#x438;&#x43E;&#x446;&#x435;&#x43D;&#x43E;&#x437;&#x44B;</subfield>
  </datafield>
  <datafield tag="610" ind1="0" ind2=" ">
    <subfield code="a">&#x421;&#x435;&#x43B;&#x44C;&#x441;&#x43A;&#x43E;&#x435; &#x438; &#x43B;&#x435;&#x441;&#x43D;&#x43E;&#x435; &#x445;&#x43E;&#x437;&#x44F;&#x439;&#x441;&#x442;&#x432;&#x43E;. &#x421;&#x435;&#x43B;&#x44C;&#x441;&#x43A;&#x43E;&#x445;&#x43E;&#x437;&#x44F;&#x439;&#x441;&#x442;&#x432;&#x435;&#x43D;&#x43D;&#x44B;&#x435; &#x438; &#x43B;&#x435;&#x441;&#x43E;&#x445;&#x43E;&#x437;&#x44F;&#x439;&#x441;&#x442;&#x432;&#x435;&#x43D;&#x43D;&#x44B;&#x435; &#x43D;&#x430;&#x443;&#x43A;&#x438; -- &#x41B;&#x435;&#x441;&#x43D;&#x43E;&#x435; &#x445;&#x43E;&#x437;&#x44F;&#x439;&#x441;&#x442;&#x432;&#x43E;. &#x41B;&#x435;&#x441;&#x43E;&#x445;&#x43E;&#x437;&#x44F;&#x439;&#x441;&#x442;&#x432;&#x435;&#x43D;&#x43D;&#x44B;&#x435; &#x43D;&#x430;&#x443;&#x43A;&#x438;</subfield>
  </datafield>
  <datafield tag="610" ind1="0" ind2=" ">
    <subfield code="a">&#x421;&#x435;&#x43B;&#x44C;&#x441;&#x43A;&#x43E;&#x435; &#x438; &#x43B;&#x435;&#x441;&#x43D;&#x43E;&#x435; &#x445;&#x43E;&#x437;&#x44F;&#x439;&#x441;&#x442;&#x432;&#x43E;. &#x421;&#x435;&#x43B;&#x44C;&#x441;&#x43A;&#x43E;&#x445;&#x43E;&#x437;&#x44F;&#x439;&#x441;&#x442;&#x432;&#x435;&#x43D;&#x43D;&#x44B;&#x435; &#x438; &#x43B;&#x435;&#x441;&#x43E;&#x445;&#x43E;&#x437;&#x44F;&#x439;&#x441;&#x442;&#x432;&#x435;&#x43D;&#x43D;&#x44B;&#x435; &#x43D;&#x430;&#x443;&#x43A;&#x438; -- &#x420;&#x43E;&#x441;&#x441;&#x438;&#x439;&#x441;&#x43A;&#x430;&#x44F; &#x424;&#x435;&#x434;&#x435;&#x440;&#x430;&#x446;&#x438;&#x44F; -- &#x41F;-&#x43E;&#x432; &#x41A;&#x430;&#x43C;&#x447;&#x430;&#x442;&#x43A;&#x430; -- &#x41B;&#x435;&#x441;&#x43D;&#x43E;&#x435; &#x445;&#x43E;&#x437;&#x44F;&#x439;&#x441;&#x442;&#x432;&#x43E;. &#x41B;&#x435;&#x441;&#x43E;&#x445;&#x43E;&#x437;&#x44F;&#x439;&#x441;&#x442;&#x432;&#x435;&#x43D;&#x43D;&#x44B;&#x435; &#x43D;&#x430;&#x443;&#x43A;&#x438;</subfield>
  </datafield>
  <datafield tag="686" ind1=" " ind2=" ">
    <subfield code="a">&#x415;081.892.1,0</subfield>
    <subfield code="2">rubbk</subfield>
  </datafield>
  <datafield tag="686" ind1=" " ind2=" ">
    <subfield code="a">&#x41F;3,0</subfield>
    <subfield code="2">rubbk</subfield>
  </datafield>
  <datafield tag="686" ind1=" " ind2=" ">
    <subfield code="a">&#x41F;9(2&#x420;55-4&#x41A;&#x430;&#x43C;&#x447;)3,0</subfield>
    <subfield code="2">rubbk</subfield>
  </datafield>
  <datafield tag="686" ind1=" " ind2=" ">
    <subfield code="a">&#x41F;342.6(2&#x420;55-4&#x41A;&#x430;&#x43C;&#x447;)</subfield>
  </datafield>
  <datafield tag="700" ind1=" " ind2="1">
    <subfield code="a">&#x428;&#x430;&#x43C;&#x448;&#x438;&#x43D;</subfield>
    <subfield code="b">&#x412;. &#x410;.</subfield>
    <subfield code="g">&#x412;&#x43B;&#x430;&#x434;&#x438;&#x43C;&#x438;&#x440; &#x410;&#x43B;&#x435;&#x43A;&#x441;&#x435;&#x435;&#x432;&#x438;&#x447;</subfield>
    <subfield code="4">070</subfield>
  </datafield>
  <datafield tag="801" ind1=" " ind2="0">
    <subfield code="a">RU</subfield>
    <subfield code="b">RuMoRKP</subfield>
    <subfield code="c">20051013</subfield>
    <subfield code="g">rcr</subfield>
  </datafield>
  <datafield tag="801" ind1=" " ind2="1">
    <subfield code="a">RU</subfield>
    <subfield code="b">RuMoRGB</subfield>
    <subfield code="c">20051013</subfield>
  </datafield>
  <datafield tag="801" ind1=" " ind2="2">
    <subfield code="a">RU</subfield>
    <subfield code="b">NLR</subfield>
    <subfield code="c">20051226</subfield>
    <subfield code="g">rcr</subfield>
  </datafield>
  <datafield tag="830" ind1=" " ind2=" ">
    <subfield code="a">&#x430;&#x432;&#x442;. &#x43F;&#x43E; &#x43A;&#x43D;.</subfield>
  </datafield>
  <datafield tag="942" ind1=" " ind2=" ">
    <subfield code="c">BOOK</subfield>
  </datafield>
  <datafield tag="980" ind1=" " ind2=" ">
    <subfield code="a">NB</subfield>
  </datafield>
  <datafield tag="995" ind1=" " ind2=" ">
    <subfield code="5">2005-12-26</subfield>
    <subfield code="a">ad</subfield>
    <subfield code="b">NLR01</subfield>
    <subfield code="c">NLR01</subfield>
    <subfield code="e">RF3</subfield>
    <subfield code="f">1-3234705</subfield>
    <subfield code="k">2005-5/10429</subfield>
    <subfield code="o">0</subfield>
    <subfield code="r">BOOK</subfield>
    <subfield code="s">2005510429_</subfield>
  </datafield>
  <datafield tag="995" ind1=" " ind2=" ">
    <subfield code="5">2005-12-26</subfield>
    <subfield code="a">ad</subfield>
    <subfield code="b">NLR01</subfield>
    <subfield code="c">NLR01</subfield>
    <subfield code="e">RF3</subfield>
    <subfield code="f">2089505</subfield>
    <subfield code="k">2005-5/10429</subfield>
    <subfield code="o">0</subfield>
    <subfield code="r">BOOK</subfield>
    <subfield code="s">2005510429_</subfield>
  </datafield>
</record>
